Kyrgyzstan Country Quiz - Statistics

General Stats
  • This quiz has been taken 15 times
  • The average score is 13 of 17
Answer Stats
Hint Answer % Correct
Independent Since 1991
100%
Borders China
100%
Main Religion Islam
100%
Main Ally Kazakhstan
100%
Borders Kazakhstan
100%
Former Part of Soviet Union
100%
Borders Tajikistan
100%
Borders Uzbekistan
100%
Capital Bishkek
92%
Main Language Kyrgyz
83%
Number of Oblasts 7
75%
Main Export Gold
67%
Form of Government Republic
42%
Global Firepower Rating (out of 145) 105
25%
Currency Kyrgyz som
25%
Current Leader Sadyr Japarov
25%
Tallest Mountain Jengish Chokusu
17%
No matching quizzes found
Score Distribution
Percent of People with Each Score
Percentile by Number Answered
Your Score History
You have not taken this quiz